The hugasaurus (Record no. 118826)
[ view plain ]
| 000 -LÍDER | |
|---|---|
| campo de controle de tamanho fixo | 00804 a2200241 4500 |
| 001 - NÚMERO DE CONTROLE | |
| campo de controle | 118826 |
| 020 ## - ISBN - INTERNATIONAL STANDARD BOOK NUMBER | |
| ISBN - International Standard Book Number | 9781408356159 |
| 020 ## - ISBN - INTERNATIONAL STANDARD BOOK NUMBER | |
| Informação qualificadora | broch. |
| 041 ## - CÓDIGO DE IDIOMA | |
| Código do idioma do texto/trilha sonora ou título diferente | eng |
| 082 ## - CDD - CLASSIFICAÇÃO DECIMAL DE DEWEY | |
| Número de Classificação | [E] |
| 040 ## - FONTE DA CATALOGAÇÃO | |
| Instituição da catalogação original | BR-BrIDEA |
| Instituição que transcreveu o registro | BR-BrIDEA |
| 090 ## - NÚMERO DE CHAMADA LOCAL | |
| Número de chamada (OCLC) (R); Número de chamada, CALL (RLIN) (NR) | JK [E] |
| Número Cutter local (OCLC); Número de classificação do livro, CALL (RLIN) | BRI |
| 100 ## - ENTRADA PRINCIPAL--NOME PESSOAL | |
| Nome pessoal | Bright, Rachel. |
| 245 10 - TÍTULO | |
| Título | The hugasaurus |
| Indicação de responsabilidade, etc. | Rachel Bright ; illustrated by Chris Chatterton |
| 260 ## - PUBLICAÇÃO, DISTRIBUIÇÃO, ETC. | |
| Local de publicação, distribuição, etc. | London |
| Nome do editor, distribuidor, etc. | Scholastic |
| Data da publicação, distribuição, etc. | 2021 |
| 300 ## - DESCRIÇÃO FÍSICA | |
| Extensão | 32 p. |
| Outros detalhes físicos | col. ill. |
| 520 ## - NOTA DE RESUMO, ETC | |
| Resumo, etc. | A joyful celebration of the power of kindness for fans of The Worrysaurus. From Rachel Bright, author of the bestselling The Lion Inside, and Chris Chatterton, illustrator of the popular Ten Minutes to Bed series |
| 697 ## - ENTRADA DE ASSUNTO LOCAL--ENTIDADE COLETIVA (RLIN) | |
| Nome corporativo ou nome da jurisdição | Love - Fiction. |
| 697 ## - ENTRADA DE ASSUNTO LOCAL--ENTIDADE COLETIVA (RLIN) | |
| Nome corporativo ou nome da jurisdição | Hugs |
| 700 ## - ENTRADA ADICIONADA - NOME PESSOAL | |
| Nome pessoal | Chatterton, Chris |
| Função do autor por extenso | illustrator |
| 856 ## - LOCALIZAÇÃO ELETRÔNICA E ACESSO | |
| Uniform Resource Identifier | <a href="000032/00003291.jpg">000032/00003291.jpg</a> |
| 942 ## - ELEMENTOS DE ENTRADA ADICIONADOS (KOHA) | |
| Tipo de material Koha | Livros |
| Situação do descarte | Situação das perdas | Fonte da classificação ou esquema de arquivamento na estante | Situação física | Não pode ser emprestado | Biblioteca de origem | Biblioteca atual | Data de aquisição | Total de empréstimos | Número de chamada completo | Código de barras | Data de último acesso | Data do preço efetivo | Tipo de material Koha |
|---|---|---|---|---|---|---|---|---|---|---|---|---|---|
| Classificação Decimal de Dewey | ECB - SUDOESTE | ECB - SUDOESTE | 25/10/2022 | JK [E] BRI | 00059336SSW | 23/01/2024 | 23/01/2024 | Livros |